| 000 | 00952nam a2200289 a 4500 | ||
|---|---|---|---|
| 001 | 000004538 | ||
| 003 | DO-SdBNP | ||
| 005 | 20180321154305.0 | ||
| 007 | 000004538 | ||
| 008 | 090723s2006 dr a 001 0 spa d | ||
| 020 | _a9993410403 | ||
| 040 |
_aBPMSU _bspa _cBPMSU |
||
| 082 |
_a923.2 _bN964C, 2006 |
||
| 100 | 1 | _aCassá, Roberto | |
| 245 | 1 | 0 |
_aJosé Núñez de Cáceres : _bprecursor de la independencia / _cRoberto Cassá. |
| 250 | _a2a. ed. | ||
| 260 |
_aSanto Domingo : _bAlfa y Omega, _c2006. |
||
| 300 |
_a49 p. : _bil. _c21 cm. |
||
| 490 | _aBiografías Dominicanas | ||
| 504 | _aIncluye referencias bibliográficas (p. 49-) | ||
| 600 | 1 | 4 |
_aNÚÑEZ DE CÁCERES, JOSÉ, _d1772-1846 |
| 650 | 4 |
_aREPÚBLICA DOMINICANA _xBIOGRAFÍAS |
|
| 651 | 4 |
_aREPÚBLICA DOMINICANA _xHISTORIA _yOCUPACIÓN HAITIANA, 1922-1844 |
|
| 942 |
_2ddc _cBK |
||
| 945 | _aRemanejada para la BNPHU, 2018 / BT | ||
| 956 |
_aVMATEO _b10 _c20100709 _lBPMSU _h0069 |
||
| 999 |
_c7397 _d7397 |
||